<The> Case for Technology Policy <A> Tentative Evaluation

Saved in:
Bibliographic Details
Main Author: Paqué, Karl-Heinz
Format: Book
Language:English
Published: Kiel Institut für Weltwirtschaft 1995
Series:Kiel Working Paper No.714
Subjects:
Tags: Add Tag
No Tags, Be the first to tag this record!

MARC

LEADER 00000nam a2200000 4500
001 c013231
005 20250521092856.9
041 0 |a eng 
044 |a DE 
245 1 0 |a <The> Case for Technology Policy  |b <A> Tentative Evaluation  |c Karl-Heinz Paqué 
264 1 |a Kiel  |b Institut für Weltwirtschaft  |c 1995 
300 |a 24 s. 
490 1 |a Kiel Working Paper  |v No.714 
830 0 |a Kiel Working Paper  |v No.714 
610 2 0 |a teórie rastu hospodárskeho 
610 2 0 |a technológia 
610 2 0 |a stratégia podniková 
100 1 |a Paqué, Karl-Heinz